000 00543nam a2200169 i 4500
001 88291
003 ES-MaACL
005 20230906175831.0
007 t|
008 050104s1912 fr ||||1| fre d
100 1 _aLagrange, Fernand.
_969602
245 1 3 _aLa fatigue et le répos /
_cpar Fernand Lagrange ; publié avec le concours du F. de Grandmaison.
260 _aParis :
_bFélix Alcan,
_c1912 (
_eCoulommiers :
_fPaul Brodard)
300 _aVII, 360 p. ;
_c22 cm.
700 1 _aGrandmaison, F. de.
_959611
852 _aES-MaACL
_jB-11250
999 _c88291
_d88291